000
00167nam a2200073Ia 4500
008
170617s9999 xx 000 0 und d
100
_a
Trease & Evans
245
0
_a
Pharmacognosy
260
_b
Lippencott
999
_c
15035
_d
15035